अंधेरे का फकीर / (Record no. 23957)
[ view plain ]
| 000 -LEADER | |
|---|---|
| fixed length control field | 00857nam a22002177a 4500 |
| 005 - DATE AND TIME OF LATEST TRANSACTION | |
| control field | 20090217140552.0 |
| 008 - FIXED-LENGTH DATA ELEMENTS--GENERAL INFORMATION | |
| fixed length control field | 090217t xxu||||| |||| 00| 0hin d |
| 010 ## - LCCN (DPL NO) | |
| LC control number | HIN-45897 |
| 020 ## - INTERNATIONAL STANDARD BOOK NUMBER | |
| Terms of availability | 150.00 |
| 035 ## - SYSTEM CONTROL NUMBER | |
| System control number | HN-27254 |
| 037 ## - SOURCE OF ACQUISITION | |
| Source of stock number/acquisition | DBAD / PUB |
| 040 ## - CATALOGING SOURCE | |
| Original cataloging agency | DPL |
| Language of cataloging | HN |
| 082 ## - DEWEY DECIMAL CLASSIFICATION NUMBER | |
| Item number | उ |
| 100 ## - MAIN ENTRY--PERSONAL NAME | |
| Personal name | मिश्रा, रमेश कुमार |
| 245 ## - TITLE STATEMENT | |
| Title | अंधेरे का फकीर / |
| Statement of responsibility, etc | रमेश कुमार मिश्रा |
| 260 ## - PUBLICATION, DISTRIBUTION, ETC. (IMPRINT) | |
| Place of publication, distribution, etc | नई दिल्ली |
| Name of publisher, distributor, etc | एस. के. पब्लिशर्स |
| Date of publication, distribution, etc | 1999 |
| 270 ## - ADDRESS | |
| City | नई दिल्ली |
| 300 ## - PHYSICAL DESCRIPTION | |
| Extent | 163 पृ. |
| Dimensions | 23सेमी |
| 942 ## - ADDED ENTRY ELEMENTS (KOHA) | |
| Source of classification or shelving scheme | Dewey Decimal Classification |
| Item type | Hindi Books |
| Call number suffix | मिश्रार |
| Withdrawn status | Lost status | Source of classification or shelving scheme | Damaged status | Not for loan | Home library | Current library | Date acquired | Source of acquisition | Cost, normal purchase price | Total Checkouts | Full call number | Barcode | Date last seen | Copy number | Cost, replacement price | Koha item type |
|---|---|---|---|---|---|---|---|---|---|---|---|---|---|---|---|---|
| Dewey Decimal Classification | Not For Loan | D.B.Act.Division | D.B.Act.Division | 17/02/2009 | DBAD / PUB | 150.00 | मिश्रार | HN-27254 | 17/02/2009 | 1 | 150.00 | Hindi Books |
